[Event "Albena Masters op"]
[Site "Albena"]
[Date "2012.05.27"]
[Round "2"]
[White "Hamitevici, Vladimir"]
[Black "Bargan, Svetlana"]
[Result "1-0"]
[WhiteElo "2437"]
[BlackElo "2033"]
[PlyCount "101"]
[EventDate "2012.05.26"]
[EventType "swiss"]
[EventRounds "9"]
[EventCountry "BUL"]
[SourceTitle "CBM 148 Extra"]
[Source "ChessBase"]
[SourceDate "2012.06.22"]
[SourceVersion "1"]
[SourceVersionDate "2012.06.22"]
[SourceQuality "1"]

1. e4 d6 2. d4 Nf6 3. Bd3 e5 4. c3 Nc6 5. Nf3 Bg4 6. d5 Ne7 7. h3 Bd7 8. c4 Ng6 9. Nc3 Be7 10. Be3 0-0 11. g4 c6 12. Qd2 Qc7 13. Rc1 Ne8 14. b4 Nh4 15. Nxh4 Bxh4 16. c5 Qd8 17. Bb1 cxd5 18. Nxd5 Bc6 19. 0-0 Qd7 20. Rfd1 Qe6 21. Qe2 Bxd5 22. exd5 Qf6 23. c6 b6 24. c7 Rc8 25. Rc6 Rxc7 26. Qc2 g6 27. Rxc7 Nxc7 28. Qxc7 Qf3 29. Qc2 Qxh3 30. Qe4 f5 31. gxf5 gxf5 32. Qg2+ Qxg2+ 33. Kxg2 f4 34. Bd2 Rc8 35. Rc1 Rxc1 36. Bxc1 Kg7 37. a4 h6 38. Bf5 Kf6 39. Bh3 Kg6 40. Bd2 Bd8 41. Kf3 Kg5 42. Ke4 a5 43. Bd7 h5 44. f3 Kf6 45. Be1 Kg5 46. Kd3 Bc7 47. Bh3 axb4 48. Kc4 e4 49. Kxb4 exf3 50. Kb5 Bd8 51. Bf2 1-0

[Event "Eforie Nord op 2nd"]
[Site "Eforie Nord"]
[Date "2010.06.20"]
[Round "3"]
[White "Bargan, Svetlana"]
[Black "Nanu, Ciprian Costica"]
[Result "0-1"]
[WhiteElo "2027"]
[BlackElo "2515"]
[PlyCount "48"]
[EventDate "2010.06.18"]
[EventType "swiss"]
[EventRounds "11"]
[EventCountry "ROU"]
[SourceTitle "CBM 137 Extra"]
[Source "ChessBase"]
[SourceDate "2010.09.01"]
[SourceVersion "1"]
[SourceVersionDate "2010.09.01"]
[SourceQuality "1"]

1. d4 e6 2. Bf4 c5 3. c3 Nc6 4. e3 Nf6 5. Nf3 Be7 6. h3 0-0 7. Be2 d5 8. 0-0 Bd6 9. Bxd6 Qxd6 10. Nbd2 Rd8 11. Re1 Bd7 12. Qb3 b6 13. Rad1 Qc7 14. Qa3 c4 15. Bf1 a5 16. e4 Na7 17. Ne5 Nb5 18. Qe7 Nd6 19. Ndxc4 dxc4 20. Ng4 Ndxe4 21. Rxe4 Nxe4 22. Ne5 Nd6 23. d5 Rac8 24. Bxc4 Ba4 0-1

[Event "MDA-ch (Women)"]
[Site "Kishinev"]
[Date "2009.01.22"]
[Round "7"]
[White "Baciu, Diana"]
[Black "Bargan, Svetlana"]
[Result "1/2-1/2"]
[WhiteElo "2107"]
[BlackElo "2032"]
[PlyCount "52"]
[EventDate "2009.01.16"]
[EventType "tourn"]
[EventRounds "9"]
[EventCountry "MDA"]
[SourceTitle "EXT 2010"]
[Source "ChessBase"]
[SourceDate "2010.11.25"]
[SourceVersion "1"]
[SourceVersionDate "2010.11.25"]
[SourceQuality "1"]

1. e4 c6 2. d4 d5 3. Nc3 dxe4 4. Nxe4 Nd7 5. Nf3 Ngf6 6. Nxf6+ Nxf6 7. Ne5 Be6 8. c3 g6 9. Bd3 Bg7 10. 0-0 0-0 11. Qe2 c5 12. dxc5 Qc7 13. h3 Qxc5 14. Bf4 Rfd8 15. Rfd1 Rd5 16. c4 Rdd8 17. Rab1 Rac8 18. b4 Qd4 19. Bh2 Qh4 20. Qf3 Nd7 21. Ng4 Bxg4 22. Qxg4 Qxg4 23. hxg4 Ne5 24. Bxe5 Bxe5 25. c5 Rd4 26. Be2 Rcd8 1/2-1/2

[Event "MDA-ch (Women)"]
[Site "Kishinev"]
[Date "2009.01.16"]
[Round "1"]
[White "Bargan, Svetlana"]
[Black "Ursu, Ana Maria"]
[Result "0-1"]
[WhiteElo "2032"]
[BlackElo "1880"]
[PlyCount "96"]
[EventDate "2009.01.16"]
[EventType "tourn"]
[EventRounds "9"]
[EventCountry "MDA"]
[SourceTitle "EXT 2010"]
[Source "ChessBase"]
[SourceDate "2010.11.25"]
[SourceVersion "1"]
[SourceVersionDate "2010.11.25"]
[SourceQuality "1"]

1. e4 e5 2. Nf3 d6 3. Bc4 Be7 4. d4 exd4 5. Nxd4 Nf6 6. Nc3 0-0 7. 0-0 a6 8. a4 Nc6 9. Nxc6 bxc6 10. Bf4 Be6 11. Qe2 Qc8 12. Rfe1 Bxc4 13. Qxc4 Nh5 14. Be3 Qb7 15. b3 Rad8 16. Rad1 Nf6 17. Bd4 c5 18. Be3 c6 19. Qe2 d5 20. e5 Nd7 21. Bf4 Qb4 22. Bd2 Qb7 23. e6 Nf6 24. Bg5 Rde8 25. exf7+ Rxf7 26. Bxf6 Rxf6 27. Qe5 Kf8 28. Qh5 h6 29. Ne2 Qb4 30. Ng3 Qf4 31. f3 g6 32. Qh3 h5 33. Qd7 Qd6 34. Qa7 h4 35. Ne4 dxe4 36. Rxd6 Bxd6 37. Qh7 e3 38. Qxh4 Kg7 39. Qg4 Rf5 40. Qc4 Rh5 41. h3 Rf5 42. Qxa6 Bg3 43. Qe2 Bxe1 44. Qxe1 e2 45. c4 Rf4 46. a5 Rd4 47. Kf2 Rd1 48. Qc3+ Kf7 0-1